[Event "Leningrad2"]
[Site "Leningrad"]
[Date "1989.??.??"]
[Round "?"]
[White "Ivanov, Sergey"]
[Black "Kupreichik, Viktor D"]
[Result "1/2-1/2"]
[WhiteElo "2465"]
[BlackElo "2520"]
[PlyCount "133"]
[EventDate "1989.09.??"]
[Source "ChessBase"]

1. d4 Nf6 2. c4 g6 3. Nc3 Bg7 4. e4 d6 5. f4 O-O 6. Nf3 c5 7. d5 b5 8. cxb5 a6 9. a4 e6 10. dxe6 Bxe6 11. Be2 axb5 12. Bxb5 Na6 13. O-O Nc7 14. Bd3 Qb8 15. e5 dxe5 16. Nxe5 Nfd5 17. Qf3 Nb4 18. Be4 Ra6 19. Qe2 Re8 20. Be3 f6 21. Nc4 f5 22. Bf3 Ncd5 23. Nxd5 Nxd5 24. Ne5 Rb6 25. Bc1 Nxf4 26. Bxf4 Rxb2 27. Qe1 Bf7 28. Nxf7 Rxe1 29. Bxb8 Bd4+ 30. Kh1 Rxa1 31. Nh6+ Kg7 32. Nxf5+ gxf5 33. Rxa1 Rxb8 34. Rd1 c4 35. g3 c3 36. Rc1 Rb2 37. Bd1 Kf6 38. a5 Ra2 39. Bb3 Ra3 40. Bc2 Rxa5 41. Re1 Ra2 42. Re2 Be3 43. Kg2 Bd2 44. Bd3 Rb2 45. Rf2 c2 46. Rxf5+ Ke6 47. Bxc2 Rxc2 48. Rf2 Ke5 49. Kf3 Rc3+ 50. Kg4 Be3 51. Rf7 h6 52. h4 Bd2 53. Rf2 Bc1 54. Rf1 Ke4 55. Kh5 Bd2 56. Rf2 Ke3 57. Rf5 Ke2 58. g4 Rh3 59. g5 hxg5 60. Rxg5 Bxg5 61. Kxg5 Ke3 62. h5 Ke4 63. h6 Ke5 64. Kg6 Ke6 65. Kg7 Rg3+ 66. Kf8 Rf3+ 67. Kg8 1/2-1/2

[Event "Nederland 72/516"]
[Site "?"]
[Date "1998.??.??"]
[Round "?"]
[White "Cifuentes Parada, Roberto"]
[Black "Van der Weide, Karel"]
[Result "1-0"]
[WhiteElo "2535"]
[BlackElo "2450"]
[PlyCount "63"]
[EventDate "1998.??.??"]
[Source "ChessBase"]
[SourceDate "1998.02.01"]

1. d4 Nf6 2. c4 g6 3. Nc3 Bg7 4. e4 d6 5. f4 O-O 6. Nf3 c5 7. d5 b5 8. cxb5 a6 9. a4 Qa5 10. Bd2 Qb4 11. Qc2 c4 12. e5 dxe5 13. fxe5 Ng4 14. Ne4 Qb3 15. Qxc4 Qxc4 16. Bxc4 Nxe5 17. Nxe5 Bxe5 18. Bc3 Nd7 19. Ke2 Rd8 20. bxa6 Bxc3 21. Nxc3 Nb6 22. b3 Nxc4 23. bxc4 e6 24. a7 Ba6 25. Nb5 exd5 26. Rhd1 d4 27. Kf2 Rd7 28. c5 Rd5 29. c6 Rc5 30. Rac1 Rf5+ 31. Kg1 Rf4 32. Nc7 1-0

[Event "Bagneux"]
[Site "?"]
[Date "1982.??.??"]
[Round "?"]
[White "Kouatly Bachar"]
[Black "Gheorghiu Florin"]
[Result "0-1"]
[WhiteElo "2435"]
[BlackElo "2550"]
[PlyCount "81"]
[EventDate "1982.??.??"]
[Source "www.chesslib.no"]
[SourceDate "2004.05.04"]

1. d4 Nf6 2. c4 g6 3. Nc3 Bg7 4. e4 d6 5. f4 O-O 6. Nf3 c5 7. d5 a6 8. a4 e6 9. dxe6 fxe6 10. e5 dxe5 11. Qxd8 Rxd8 12. Nxe5 Nfd7 13. Nxd7 Bxd7 14. Be3 Bd4 15. Bxd4 cxd4 16. Ne4 Bc6 17. Bd3 a5 18. h4 Nd7 19. h5 Bxe4 20. Bxe4 Nc5 21. Bb1 d3 22. Ra3 Rd4 23. hxg6 hxg6 24. Kd2 Rad8 25. Re1 Rxf4 26. Bxd3 Rg4 27. Ke2 Rg3 28. Bb1 Rxg2+ 29. Kf3 Rdd2 30. Kf4 Kf7 31. Rh3 Kf6 32. Ke3 Rxb2 33. Kd4 b6 34. Rf1+ Rgf2 35. Rxf2+ Rxf2 36. Rh8 Rb2 37. Rh1 Rg2 38. Rf1+ Ke7 39. Rf3 Rg4+ 40. Kc3 Nxa4+ 41. Kb3 0-1

[Event "JUG Ch"]
[Site "Belgrade SCG"]
[Date "1978.??.??"]
[Round "?"]
[White "Knezevic, Milorad"]
[Black "Vukic, Milan"]
[Result "1/2-1/2"]
[WhiteElo "2505"]
[BlackElo "2480"]
[PlyCount "52"]
[EventDate "1978.01.??"]
[Source "www.chesslib.no"]
[SourceDate "2004.05.04"]

1. d4 Nf6 2. c4 g6 3. Nc3 Bg7 4. e4 d6 5. f4 O-O 6. Nf3 c5 7. d5 b5 8. cxb5 a6 9. bxa6 Qa5 10. Bd2 Bxa6 11. Bxa6 Qxa6 12. Qe2 Nbd7 13. Qxa6 Rxa6 14. O-O Rb8 15. Rfb1 Ne8 16. b3 Nc7 17. Re1 Nb6 18. a4 f5 19. a5 Bxc3 20. Bxc3 Nba8 21. exf5 Nxd5 22. Bd2 gxf5 23. Nh4 Rxb3 24. Nxf5 Kf7 25. Rab1 Rxb1 26. Rxb1 Nac7 1/2-1/2

[Event "Montpellier op 7th"]
[Site "?"]
[Date "2000.07.??"]
[Round "5"]
[White "Flear Glenn C"]
[Black "Lanka Zigurds"]
[Result "1/2-1/2"]
[WhiteElo "2480"]
[BlackElo "2504"]
[PlyCount "50"]
[EventDate "2000.??.??"]
[Source "www.chesslib.no"]
[SourceDate "2004.05.04"]

1. d4 Nf6 2. c4 g6 3. Nc3 Bg7 4. e4 d6 5. f4 O-O 6. Nf3 c5 7. d5 b5 8. cxb5 a6 9. a4 Bb7 10. Be2 axb5 11. Bxb5 e6 12. O-O exd5 13. exd5 Na6 14. f5 Nc7 15. Bc4 Ba6 16. Qd3 Qc8 17. fxg6 fxg6 18. b3 Qf5 19. Qxf5 gxf5 20. Ra2 Nd7 21. Rc2 Nb6 22. Nb5 Ncxd5 23. Rd1 Nxc4 24. Rxd5 Bxb5 25. axb5 Na5 1/2-1/2

[Event "France"]
[Site "?"]
[Date "1993.??.??"]
[Round "?"]
[White "Elbilia, J."]
[Black "Shirov, A."]
[Result "0-1"]
[WhiteElo "2310"]
[BlackElo "2670"]
[PlyCount "44"]
[EventDate "1993.??.??"]
[Source "ChessBase"]
[SourceDate "1993.06.01"]

1. d4 Nf6 2. c4 g6 3. Nc3 Bg7 4. e4 d6 5. f4 O-O 6. Nf3 c5 7. d5 b5 8. cxb5 a6 9. bxa6 Qa5 10. Qd2 Bxa6 11. e5 Nfd7 12. e6 Nb6 13. exf7+ Rxf7 14. Ng5 Rf5 15. Qe3 N8d7 16. Bxa6 Qxa6 17. Ne6 Be5 18. Nc7 Qa5 19. Nxa8 Nxd5 20. Qd2 Nxc3 21. O-O Bd4+ 22. Kh1 Ne4 0-1

[Event "Villa Martelli"]
[Site "Villa Martelli"]
[Date "1997.??.??"]
[Round "11"]
[White "Hoffman, Alejandro"]
[Black "German, Gustavo"]
[Result "1/2-1/2"]
[WhiteElo "2480"]
[BlackElo "2500"]
[PlyCount "62"]
[EventDate "1997.06.01"]
[Source "ChessBase"]
[SourceDate "1997.10.13"]

1. d4 Nf6 2. c4 g6 3. Nc3 Bg7 4. e4 d6 5. f4 O-O 6. Nf3 c5 7. d5 b5 8. cxb5 a6 9. a4 Bb7 10. bxa6 Bxa6 11. Bxa6 Nxa6 12. O-O Nc7 13. f5 gxf5 14. exf5 Qc8 15. Ng5 Rb8 16. Nge4 Nce8 17. Qe1 Qd7 18. Bg5 Nxe4 19. Qxe4 Nf6 20. Bxf6 Bxf6 21. Nb5 Rfc8 22. Rf3 c4 23. Rg3+ Kh8 24. Rh3 Rc5 25. Rd1 Qb7 26. Qe2 Rxd5 27. Rxd5 Qxd5 28. Qh5 Kg8 29. Rg3+ Kh8 30. Rh3 Kg8 31. Rg3+ Kh8 1/2-1/2

[Event "Lazne Bohdanec CZE"]
[Site "Lazne Bohdanec CZE"]
[Date "1995.??.??"]
[Round "?"]
[White "Hausner, Ivan"]
[Black "Babula, Vlastimil"]
[Result "1/2-1/2"]
[WhiteElo "2450"]
[BlackElo "2530"]
[PlyCount "33"]
[EventDate "1995.??.??"]
[Source "www.chesslib.no"]
[SourceDate "2004.05.04"]

1. d4 Nf6 2. c4 g6 3. Nc3 Bg7 4. e4 d6 5. f4 O-O 6. Nf3 c5 7. d5 g5 8. Bd3 Bg4 9. Qe2 Qd7 10. Qf1 Na6 11. a4 Nh5 12. h3 Rfb8 13. Kd2 Qe8 14. Na2 Nc7 15. Ng1 Qf8 16. fxg5 Bf3 17. g4 1/2-1/2

[Event "Athens cup f"]
[Site "Athens GRE"]
[Date "1996.??.??"]
[Round "?"]
[White "Banikas, Hristos"]
[Black "Nikolaidis, Ioannis"]
[Result "1/2-1/2"]
[WhiteElo "2440"]
[BlackElo "2530"]
[PlyCount "76"]
[EventDate "1996.??.??"]
[Source "www.chesslib.no"]
[SourceDate "2004.05.04"]

1. d4 Nf6 2. c4 c5 3. d5 g6 4. Nc3 Bg7 5. e4 O-O 6. f4 d6 7. Nf3 a6 8. a4 e5 9. fxe5 Ng4 10. Bg5 Qb6 11. Qd2 Nxe5 12. Nxe5 Bxe5 13. Be2 Bd4 14. Be3 Nd7 15. O-O Ne5 16. a5 Bxe3+ 17. Qxe3 Qd8 18. Rf4 Bd7 19. Nb1 Rb8 20. Nd2 f6 21. b3 Kg7 22. Qc3 b6 23. axb6 Qxb6 24. Rff1 Bc8 25. Bd1 Rb7 26. Bc2 Re7 27. Nf3 Qc7 28. Nd2 h5 29. Qg3 Rh8 30. Nf3 Qd7 31. h3 Nxf3+ 32. Rxf3 Re5 33. Raf1 Rf8 34. h4 Qe7 35. Rf4 Bg4 36. Qc3 g5 37. hxg5 Rxg5 38. Kh2 Bc8 1/2-1/2

[Event "GRE-ch"]
[Site "Athens"]
[Date "1996.??.??"]
[Round "5"]
[White "Banikas, Hristos"]
[Black "Anagnostopoulos, Dimitri"]
[Result "1/2-1/2"]
[WhiteElo "2445"]
[BlackElo "2515"]
[PlyCount "41"]
[EventDate "1996.08.15"]
[Source "ChessBase"]

1. d4 Nf6 2. c4 g6 3. Nc3 Bg7 4. e4 d6 5. f4 c5 6. d5 O-O 7. Nf3 b5 8. cxb5 a6 9. a4 axb5 10. Bxb5 Ba6 11. Bd2 Bxb5 12. axb5 Nbd7 13. O-O Rxa1 14. Qxa1 Qb6 15. Qa6 Rb8 16. Ra1 Ne8 17. Qxb6 Nxb6 18. Ra7 Kf8 19. b3 Nc8 20. Rd7 Nb6 21. Ra7 1/2-1/2

[Event "26th Open"]
[Site "Barbera del Valles"]
[Date "2003.??.??"]
[Round "8"]
[White "Moskalenko, Viktor"]
[Black "De la Paz, Frank"]
[Result "1-0"]
[WhiteElo "2520"]
[BlackElo "2440"]
[PlyCount "67"]
[EventDate "2003.07.06"]
[Source "Roberto Alvarez"]
[SourceDate "2003.08.04"]

1. d4 Nf6 2. c4 g6 3. Nc3 Bg7 4. e4 d6 5. f4 O-O 6. Nf3 c5 7. d5 b5 8. cxb5 a6 9. a4 Qa5 10. Bd2 Qb4 11. Qc2 Bg4 12. e5 dxe5 13. Nxe5 Bf5 14. Bd3 Bxd3 15. Qxd3 Qd4 16. Ke2 Rd8 17. Be3 Qb4 18. Rhd1 Nh5 19. g3 Bxe5 20. fxe5 Qg4+ 21. Kf2 Nd7 22. Qe4 Qxe4 23. Nxe4 Nxe5 24. Bxc5 axb5 25. Bxe7 Rdc8 26. axb5 Rc2+ 27. Ke3 Rb8 28. d6 f5 29. d7 Nxd7 30. Rxd7 fxe4 31. g4 Ng7 32. Bf6 Ne6 33. Re7 Nc7 34. Rxc7 1-0

[Event "31. Internacional La Roda"]
[Site "La Roda"]
[Date "2004.04.08"]
[Round "3"]
[White "Moskalenko, Viktor"]
[Black "Alcazar Jimenez, Victor Manuel"]
[Result "1-0"]
[WhiteElo "2550"]
[BlackElo "2407"]
[PlyCount "97"]
[EventDate "2004.04.07"]
[Source "Roberto Alvarez"]
[SourceDate "2004.04.19"]

1. d4 Nf6 2. c4 g6 3. Nc3 Bg7 4. e4 d6 5. f4 O-O 6. Nf3 c5 7. d5 e6 8. dxe6 fxe6 9. Bd3 Nc6 10. O-O Bd7 11. Ng5 h6 12. Nf3 Be8 13. Kh1 Qe7 14. Qe1 Nh5 15. g3 b6 16. Be3 Nb4 17. Bb1 Bc6 18. a3 Na6 19. Kg1 Nc7 20. Nh4 Be8 21. e5 dxe5 22. Nxg6 Bxg6 23. Bxg6 exf4 24. gxf4 Bxc3 25. Qxc3 Qg7 26. Qxg7+ Nxg7 27. b4 Na6 28. Bd2 Nf5 29. Bxf5 Rxf5 30. Bc3 Kf7 31. b5 Nc7 32. Be5 Ne8 33. a4 a5 34. Rad1 Ke7 35. Rf3 Rd8 36. Rxd8 Kxd8 37. Rh3 h5 38. Kf2 Nf6 39. Bxf6+ Rxf6 40. Ke3 Rf5 41. Ke4 Ke7 42. Rg3 Rf7 43. Rg6 Kd7 44. h4 Rh7 45. Ke5 Rf7 46. Rxe6 Rxf4 47. Rd6+ Ke7 48. Kxf4 Kxd6 49. Kf5 1-0

[Event "Zamardi op"]
[Site "Zamardi"]
[Date "1980.??.??"]
[Round "?"]
[White "Hausner, Ivan"]
[Black "Uhlmann, Wolfgang"]
[Result "1-0"]
[WhiteElo "2445"]
[BlackElo "2510"]
[PlyCount "125"]
[EventDate "1980.04.??"]
[Source "ChessBase"]

1. d4 Nf6 2. c4 g6 3. Nc3 Bg7 4. e4 d6 5. f4 O-O 6. Nf3 c5 7. d5 e6 8. dxe6 Bxe6 9. Bd3 Nc6 10. f5 Bd7 11. O-O Ng4 12. Nd5 Ne7 13. Bg5 f6 14. Bf4 Ne5 15. Nxe5 dxe5 16. Be3 Rc8 17. Qd2 gxf5 18. exf5 Kh8 19. Be4 b6 20. Rad1 Nxd5 21. Bxd5 Qe7 22. Qd3 Rfd8 23. Qe4 Be8 24. Rd3 Rd6 25. Rfd1 Rcd8 26. a3 Qf8 27. b4 Ba4 28. R1d2 Bh6 29. bxc5 bxc5 30. Bxc5 Bxd2 31. Rxd2 Qh6 32. Bxd6 Qxd2 33. Be7 Qd1+ 34. Kf2 Qd2+ 35. Qe2 Qf4+ 36. Qf3 Qd2+ 37. Kg1 Qd4+ 38. Kf1 e4 39. Qxe4 Qa1+ 40. Kf2 Rb8 41. h3 Bd7 42. Kg3 Bxf5 43. Qf4 Re8 44. Bc5 Qc3+ 45. Kh4 Qe5 46. Qxe5 fxe5 47. Kg5 Bd3 48. Bxa7 Kg7 49. Bb6 h6+ 50. Kg4 Kf6 51. a4 Bf5+ 52. Kf3 Be6 53. a5 Rc8 54. a6 Bxd5+ 55. cxd5 Ke7 56. Be3 h5 57. a7 Kd6 58. Ke4 Rc4+ 59. Kf5 Ra4 60. g4 hxg4 61. hxg4 Kxd5 62. g5 Kd6 63. Kf6 1-0

[Event "RUS-Cup01 Chigorin mem"]
[Site "?"]
[Date "1997.??.??"]
[Round "8"]
[White "Kruppa, Yuri"]
[Black "Gladyszev, Oleg"]
[Result "1-0"]
[WhiteElo "2535"]
[BlackElo "2420"]
[PlyCount "49"]
[EventDate "1997.??.??"]
[Source "www.chesslib.no"]
[SourceDate "2004.05.04"]

1. d4 Nf6 2. c4 g6 3. Nc3 Bg7 4. e4 d6 5. f4 c5 6. d5 O-O 7. Nf3 e6 8. dxe6 fxe6 9. g3 Nc6 10. Bh3 e5 11. Bxc8 Rxc8 12. O-O exf4 13. Bxf4 Re8 14. Bxd6 Nd4 15. e5 Ng4 16. Nxd4 cxd4 17. Qxg4 dxc3 18. c5 cxb2 19. Rad1 Qa5 20. Qc4+ Kh8 21. Rf7 Bxe5 22. Rf8+ Kg7 23. Rg8+ Rxg8 24. Bxe5+ Kf8 25. Rf1+ 1-0

[Event "Bad Zwesten GER"]
[Site "?"]
[Date "2001.01.04"]
[Round "4"]
[White "Shirazi Kamran G"]
[Black "Glek Igor V"]
[Result "0-1"]
[WhiteElo "2402"]
[BlackElo "2551"]
[PlyCount "88"]
[EventDate "2001.??.??"]
[Source "www.chesslib.no"]
[SourceDate "2004.05.04"]

1. d4 Nf6 2. c4 g6 3. Nc3 Bg7 4. e4 d6 5. f4 c5 6. d5 O-O 7. Nf3 a6 8. a4 e6 9. dxe6 fxe6 10. Bd3 Nc6 11. O-O b6 12. e5 dxe5 13. fxe5 Ng4 14. Be4 Bb7 15. Qxd8 Raxd8 16. a5 Nxa5 17. Bxb7 Nxb7 18. Bg5 Rde8 19. Ne4 Nxe5 20. Nxe5 Bxe5 21. Bf6 Nd6 22. Bxe5 Rxf1+ 23. Kxf1 Nxe4 24. Ke2 a5 25. Rd1 Ng5 26. Rd7 Nf7 27. Bc3 e5 28. Ke3 e4 29. g4 Re6 30. Ra7 Nd6 31. b3 h5 32. h3 hxg4 33. hxg4 Kf8 34. Bg7+ Ke8 35. Bh6 Re7 36. Ra8+ Kd7 37. Bg5 Re8 38. Ra7+ Kc6 39. Bf4 Rh8 40. Rg7 Rh3+ 41. Ke2 Rxb3 42. Rxg6 Rd3 43. g5 Kd7 44. Rg7+ Ke6 0-1

[Event "35th T-ch GR"]
[Site "Ermioni"]
[Date "2006.07.04"]
[Round "2.2"]
[White "Vaisser, Anatoly"]
[Black "Makropoulos, Georgios"]
[Result "1-0"]
[WhiteElo "2568"]
[BlackElo "2382"]
[PlyCount "99"]
[EventDate "2006.07.??"]
[Source "www.chesslib.no"]
[SourceDate "2004.05.04"]

1. d4 Nf6 2. c4 c5 3. d5 g6 4. Nc3 Bg7 5. e4 d6 6. f4 O-O 7. Nf3 a6 8. Bd3 b5 9. O-O bxc4 10. Bxc4 Bg4 11. Qe1 Bxf3 12. Rxf3 Nfd7 13. Rh3 Re8 14. Qh4 Nf8 15. f5 Nbd7 16. g4 Ne5 17. Be2 c4 18. Rb1 Rb8 19. g5 Nd3 20. Bxd3 cxd3 21. Rxd3 Rb4 22. Qe1 Qc8 23. Rf3 gxf5 24. exf5 Qc5+ 25. Qf2 Bxc3 26. Qxc5 Bd4+ 27. Qxd4 Rxd4 28. Be3 Rxd5 29. Rc1 Nd7 30. Rc7 Ne5 31. Rf4 Rd1+ 32. Kg2 Rb8 33. b3 Re1 34. Ba7 Re8 35. Ra4 h6 36. h4 hxg5 37. hxg5 Kg7 38. Bf2 Re2 39. Kf1 Rd2 40. Be3 Rb2 41. Bd4 Rd2 42. Bc3 Rd3 43. Ke2 Rg3 44. Rxe7 Rh8 45. Bxe5+ dxe5 46. Rxe5 Rh2+ 47. Kf1 Rgg2 48. Rh4 Rf2+ 49. Ke1 Rhg2 50. f6+ 1-0

[Event "Las Palmas Open"]
[Site "Las Palmas ESP"]
[Date "1993.??.??"]
[Round "?"]
[White "Vaisser, Anatoli V"]
[Black "Brito Garcia, Alfredo"]
[Result "1-0"]
[WhiteElo "2570"]
[BlackElo "2375"]
[PlyCount "65"]
[EventDate "1993.09.??"]
[Source "www.chesslib.no"]
[SourceDate "2004.05.04"]

1. d4 Nf6 2. c4 g6 3. Nc3 Bg7 4. e4 d6 5. f4 O-O 6. Nf3 c5 7. d5 b5 8. cxb5 a6 9. a4 Bb7 10. bxa6 Nxa6 11. Bc4 Nb4 12. O-O Nd7 13. Bd2 Nb6 14. b3 Ba6 15. Bxa6 Rxa6 16. Qe2 Ra8 17. Rac1 Qd7 18. Nb5 Rfc8 19. Bxb4 cxb4 20. Qe3 Qd8 21. Nfd4 Bxd4 22. Nxd4 Nd7 23. Nc6 Qe8 24. e5 Nc5 25. exd6 exd6 26. Ne7+ Kg7 27. f5 f6 28. fxg6 hxg6 29. Rxf6 Kxf6 30. Rf1+ Kg7 31. Qd4+ Kh7 32. Qh4+ Kg7 33. Qf6+ 1-0

[Event "Cappelle op"]
[Site "Cappelle la Grande"]
[Date "1998.??.??"]
[Round "5"]
[White "Chatalbashev, Boris"]
[Black "Filipek, Jakub"]
[Result "0-1"]
[WhiteElo "2550"]
[BlackElo "2395"]
[PlyCount "58"]
[EventDate "1998.02.21"]
[Source "ChessBase"]
[SourceDate "1998.04.29"]

1. d4 Nf6 2. c4 g6 3. Nc3 Bg7 4. e4 d6 5. f4 O-O 6. Nf3 c5 7. d5 e6 8. dxe6 fxe6 9. Bd3 Nc6 10. O-O b6 11. Qe1 Qe7 12. Kh1 Nh5 13. Ng5 Bxc3 14. bxc3 e5 15. f5 Nf4 16. Bxf4 exf4 17. Qh4 Ne5 18. Bc2 gxf5 19. Qxf4 Ng6 20. Qd2 f4 21. Qd5+ Kh8 22. Qxa8 Qxg5 23. Qd5 Ne5 24. Qxd6 Rd8 25. Qc7 Rg8 26. Rf2 Bh3 27. Rg1 f3 28. g4 Nxg4 29. Rxg4 Qc1+ 0-1

[Event "Sao Paulo"]
[Site "Sao Paulo BRA"]
[Date "1979.??.??"]
[Round "?"]
[White "Segal, Alexandru Sorin"]
[Black "Panno, Oscar R"]
[Result "1/2-1/2"]
[WhiteElo "2400"]
[BlackElo "2545"]
[PlyCount "82"]
[EventDate "1979.02.??"]
[Source "www.chesslib.no"]
[SourceDate "2004.05.04"]

1. d4 Nf6 2. c4 g6 3. Nc3 Bg7 4. e4 d6 5. f4 O-O 6. Nf3 c5 7. d5 e6 8. dxe6 fxe6 9. Bd3 Nc6 10. O-O a6 11. Qe1 Bd7 12. Bd2 Nd4 13. Ng5 h6 14. Nh3 Be8 15. Rd1 b5 16. e5 Nh7 17. exd6 Qxd6 18. Ne4 Qc6 19. Nhf2 Ra7 20. b3 Raf7 21. cxb5 axb5 22. Rc1 Qa6 23. Nxc5 Qxa2 24. Bxg6 Re7 25. Bb1 Qa8 26. Be3 Bc6 27. Be4 Rd8 28. Bxc6 Qxc6 29. Nfd3 Qd5 30. b4 Nf5 31. Bf2 Ra8 32. Rd1 Qc6 33. Ne5 Bxe5 34. Qxe5 Ra2 35. Ra1 Nh4 36. Ne4 Rxa1 37. Rxa1 Ng6 38. Qd4 Nxf4 39. Re1 e5 40. Qd8+ Re8 41. Qd2 Ng5 1/2-1/2

[Event "Troll Masters"]
[Site "Gausdal NOR"]
[Date "1991.??.??"]
[Round "6"]
[White "Inkiov, Ventzislav V"]
[Black "Reeh, Oliver"]
[Result "0-1"]
[WhiteElo "2475"]
[BlackElo "2470"]
[PlyCount "76"]
[EventDate "1991.01.??"]
[Source "www.chesslib.no"]
[SourceDate "2004.05.04"]

1. d4 Nf6 2. c4 c5 3. d5 g6 4. Nc3 d6 5. e4 Bg7 6. f4 O-O 7. Nf3 e6 8. dxe6 fxe6 9. Bd3 Nc6 10. O-O Nd4 11. Qe1 Bd7 12. Ng5 e5 13. f5 h6 14. Nh3 Qe8 15. Qh4 g5 16. Nxg5 hxg5 17. Bxg5 Bc6 18. g4 Kf7 19. Be3 Rh8 20. Qg3 Nxg4 21. Qxg4 Bf6 22. Kh1 Qg8 23. Qg6+ Ke7 24. Bxd4 cxd4 25. Nd5+ Bxd5 26. cxd5 Rh3 27. Rac1 Qh8 28. Rf2 Rc8 29. Rxc8 Qxc8 30. Rc2 Qd8 31. Bb5 Rh8 32. Qg1 Rg8 33. Qc1 Bg5 34. Rc7+ Kf6 35. Qc2 Be3 36. h3 Rg1+ 37. Kh2 Qg8 38. Rf7+ Qxf7 0-1

[Event "VII Memorial Pablo Gorbea"]
[Site "Madrid"]
[Date "2003.09.05"]
[Round "5"]
[White "Gustafsson, Jan"]
[Black "Morales Rivera, John Alexander"]
[Result "1-0"]
[WhiteElo "2570"]
[BlackElo "2370"]
[PlyCount "79"]
[EventDate "2003.09.01"]
[Source "Roberto Alvarez"]
[SourceDate "2003.09.15"]

1. d4 Nf6 2. c4 g6 3. Nc3 Bg7 4. e4 d6 5. f4 O-O 6. Nf3 c5 7. d5 b5 8. cxb5 a6 9. a4 axb5 10. Bxb5 Ba6 11. Bd2 Bxb5 12. axb5 Rxa1 13. Qxa1 Qb6 14. O-O Nbd7 15. Qe1 e6 16. dxe6 fxe6 17. Qh4 h6 18. Qg3 Rf7 19. Qxg6 Nf8 20. Qg3 Nh5 21. Qg4 Nf6 22. Qh3 c4+ 23. Kh1 d5 24. exd5 exd5 25. Ne5 d4 26. Nxf7 dxc3 27. Bxc3 Kxf7 28. Qf5 Ne6 29. Rd1 Nf8 30. h3 Qb7 31. Rd6 N8d7 32. Qe6+ Kg6 33. Qxc4 Kh7 34. Qd3+ Kg8 35. Qf5 Kf7 36. b6 h5 37. Kh2 h4 38. Qe6+ Kg6 39. Qg4+ Kf7 40. Rxd7+ 1-0

[Event "Paris Ch"]
[Site "Paris FRA"]
[Date "1992.??.??"]
[Round "9"]
[White "Moskalenko, Viktor"]
[Black "Apicella, Manuel"]
[Result "1-0"]
[WhiteElo "2505"]
[BlackElo "2435"]
[PlyCount "57"]
[EventDate "1992.04.??"]
[Source "www.chesslib.no"]
[SourceDate "2004.05.04"]

1. d4 Nf6 2. c4 g6 3. Nc3 Bg7 4. e4 d6 5. f4 O-O 6. Nf3 c5 7. d5 e6 8. dxe6 fxe6 9. Bd3 Nc6 10. O-O Kh8 11. Ng5 Qe7 12. Be3 Bd7 13. Qf3 h6 14. Nh3 Nh7 15. Qg3 Rg8 16. e5 dxe5 17. Qxg6 e4 18. Qxe4 Bxc3 19. bxc3 Nf6 20. Qf3 Na5 21. Ng5 hxg5 22. fxg5 Nh7 23. Qh5 Rg7 24. g6 Rag8 25. Rf7 Rxf7 26. gxf7 Rg7 27. Rf1 Qf8 28. Bxh7 Rxh7 29. Qe5+ 1-0

[Event "AUT-chT2M 9899"]
[Site "Austria"]
[Date "1999.03.13"]
[Round "10"]
[White "Beim, Valery"]
[Black "Portisch, Ferenc"]
[Result "1/2-1/2"]
[WhiteElo "2565"]
[BlackElo "2375"]
[PlyCount "36"]
[EventDate "1998.11.??"]
[Source "www.chesslib.no"]
[SourceDate "2004.05.04"]

1. c4 g6 2. d4 Nf6 3. Nc3 Bg7 4. e4 d6 5. f4 O-O 6. Nf3 c5 7. d5 b5 8. cxb5 a6 9. a4 axb5 10. Bxb5 Ba6 11. Bd2 Qb6 12. O-O Ng4 13. a5 Qa7 14. Bxa6 Nxa6 15. Qe2 Nb4 16. Kh1 Qa6 17. Qxa6 Rxa6 18. Ra4 Rfa8 1/2-1/2

[Event "White Nights op"]
[Site "St Petersburg"]
[Date "2000.06.28"]
[Round "5"]
[White "Aleksandrov, Danila"]
[Black "Fedorov, Alexei"]
[Result "1/2-1/2"]
[WhiteElo "2254"]
[BlackElo "2684"]
[PlyCount "112"]
[EventDate "2000.06.23"]
[Source "ChessBase"]
[SourceDate "2000.07.11"]

1. d4 Nf6 2. c4 g6 3. Nc3 Bg7 4. e4 d6 5. f4 c5 6. d5 O-O 7. Nf3 a6 8. a4 e6 9. dxe6 Bxe6 10. Bd3 Nc6 11. f5 Bd7 12. O-O Nb4 13. Bg5 Bc6 14. Qd2 Nxd3 15. Qxd3 Qd7 16. Nd2 Rae8 17. Rae1 h6 18. Bf4 gxf5 19. Qxd6 Rd8 20. Qxd7 Rxd7 21. exf5 Ng4 22. Nde4 Bd4+ 23. Kh1 Kg7 24. h3 Nf6 25. Nxf6 Bxf6 26. Be3 Bxc3 27. bxc3 Bxa4 28. Bxc5 Rg8 29. Bd4+ Kh7 30. Rf4 Bc6 31. Rg4 Rdd8 32. Re7 Rdf8 33. Re3 h5 34. Rgg3 Rxg3 35. Rxg3 Rg8 36. Kh2 Be4 37. Rxg8 Kxg8 38. g4 hxg4 39. hxg4 Kh7 40. Kg3 a5 41. Be3 a4 42. Bc1 Bd3 43. c5 Be4 44. Kf4 Bc6 45. Ke5 Bf3 46. g5 Bc6 47. Kf6 Bd5 48. Bb2 Bc4 49. Ke7 Kg8 50. Kd6 Bd3 51. c6 bxc6 52. Kxc6 Bxf5 53. c4 Kh7 54. Kb5 Bd7+ 55. Kb4 Kg6 56. Bf6 Kf5 1/2-1/2

[Event "Pardubice Czech op"]
[Site "Pardubice"]
[Date "2001.07.21"]
[Round "2"]
[White "Thorfinnsson, Bragi"]
[Black "Babula, Vlastimil"]
[Result "1/2-1/2"]
[WhiteElo "2371"]
[BlackElo "2566"]
[PlyCount "71"]
[EventDate "2001.07.20"]
[Source "ChessBase"]
[SourceDate "2001.09.11"]

1. d4 Nf6 2. c4 g6 3. Nc3 Bg7 4. e4 d6 5. f4 c5 6. d5 O-O 7. Nf3 b5 8. cxb5 a6 9. a4 e6 10. b6 exd5 11. exd5 Qxb6 12. a5 Qa7 13. Bc4 Re8+ 14. Ne2 Bd7 15. Ra2 Bb5 16. b3 Ne4 17. O-O f5 18. Ng5 Nd7 19. Ne6 Bf6 20. Bb2 Bxb2 21. Rxb2 Rab8 22. Qc1 Nf8 23. Nc3 Nxc3 24. Qxc3 Nxe6 25. dxe6 Qg7 26. Qxg7+ Kxg7 27. Rd2 Bxc4 28. bxc4 Rxe6 29. Rfd1 Rb4 30. Rxd6 Kf6 31. Rd7 Rxc4 32. g3 h5 33. Rh7 Rc2 34. Kf1 Rxh2 35. Rdd7 Re4 36. Rhf7+ 1/2-1/2

[Event "Odessa"]
[Site "?"]
[Date "1989.??.??"]
[Round "?"]
[White "Glek, I."]
[Black "Sorin, Ariel"]
[Result "1-0"]
[WhiteElo "2505"]
[BlackElo "2425"]
[PlyCount "111"]
[EventDate "1989.??.??"]
[Source "ChessBase"]
[SourceDate "1989.07.01"]

1. d4 Nf6 2. c4 g6 3. Nc3 Bg7 4. e4 d6 5. f4 O-O 6. Nf3 c5 7. d5 b5 8. cxb5 a6 9. a4 Qa5 10. Bd2 Qb4 11. Bd3 c4 12. Bc2 Qc5 13. Qe2 axb5 14. Be3 Qb4 15. O-O bxa4 16. e5 Ng4 17. Bd4 Nh6 18. Nxa4 Bf5 19. Nb6 Ra6 20. Nxc4 Qb5 21. Rac1 dxe5 22. Bxe5 Bxc2 23. Rxc2 Qxd5 24. Bxg7 Kxg7 25. Qxe7 Re6 26. Qa3 Nf5 27. Qc3+ Kg8 28. Nce5 Nd7 29. Rd2 Qc5+ 30. Qxc5 Nxc5 31. b4 Ne4 32. Rd3 Rb8 33. g4 Nfd6 34. Nd4 Ree8 35. Ndc6 Rb6 36. Rc1 Kg7 37. g5 Rc8 38. Rd4 h6 39. h4 hxg5 40. hxg5 Ra6 41. b5 Rb6 42. Nxf7 Nxf7 43. Rxe4 Rxb5 44. Re7 Rf5 45. Rc4 Kf8 46. Rd7 Nxg5 47. fxg5 Rxg5+ 48. Kh2 Rf5 49. Kg3 Rf6 50. Rh4 Rf7 51. Rd6 Kg7 52. Ne5 Rf6 53. Rd7+ Kg8 54. Rhh7 Rd6 55. Rdg7+ Kf8 56. Nxg6+ 1-0

[Event "Leningrad Kotov Memorial"]
[Site "Leningrad RUS"]
[Date "1984.??.??"]
[Round "5"]
[White "Ehlvest, Jaan"]
[Black "Kochiev, Aleksandr V"]
[Result "1-0"]
[WhiteElo "2480"]
[BlackElo "2450"]
[PlyCount "60"]
[EventDate "1984.??.??"]
[Source "www.chesslib.no"]
[SourceDate "2004.05.04"]

1. d4 Nf6 2. c4 g6 3. Nc3 Bg7 4. e4 d6 5. f4 O-O 6. Nf3 c5 7. d5 b5 8. cxb5 a6 9. a4 Qa5 10. Bd2 Qb4 11. Bd3 c4 12. Bc2 Qc5 13. Qe2 axb5 14. Be3 Qb4 15. O-O bxa4 16. e5 Nh5 17. Ng5 Qxb2 18. Nxa4 Rxa4 19. Rxa4 Bf5 20. Rxc4 dxe5 21. fxe5 Bxc2 22. e6 f5 23. Rxc2 Qe5 24. Bc5 Qxd5 25. Bxe7 Re8 26. Rd1 Bd4+ 27. Kh1 Rxe7 28. Rc8+ Kg7 29. Rxb8 Nf4 30. Qf3 Qxf3 1-0